| 000 | 00758nam a22002297a 4500 | ||
|---|---|---|---|
| 999 |
_c6129 _d6129 |
||
| 003 | AR-CdUCM | ||
| 008 | 190313b ||||| |||| 00| 0 spa d | ||
| 040 |
_aMUNICIPALIDAD PROVINCIAL DEL CUSCO _cBIBLIOTECA MUNICIPAL DEL CUSCO |
||
| 082 |
_a895.498 / _bT14 |
||
| 100 |
_aTagore, Rabindranath _917778 |
||
| 245 |
_aEl jardinero : _bselecciones / |
||
| 260 |
_aSantiago de Chile : _bEdiciones Ercilla, _c1936. |
||
| 300 |
_a58 páginas ; _c18 cm. |
||
| 440 |
_aColección Popular Ercilla _917779 |
||
| 500 | _aDonación de la familia Nieto | ||
| 650 |
_aProsa poética _917780 |
||
| 650 |
_aPoesías indias _917781 |
||
| 650 |
_aSiglo XX _98 |
||
| 700 |
_aMuzio Sáenz Peña, Carlos (Traducción y prólogo) _917782 |
||
| 942 |
_2ddc _cLIBROS |
||
| 945 | _araen | ||